I’m thinking of ending things / directed by Charlie Kaufman ; written by Charlie Kaufman and Iain Reid ; produced by Anthony Bregman, Charlie Kaufman, Robert Salermo, Stefanie Azpiazu. (Record no. 20797)

000 -LEADER
fixed length control field 01285nam a22002897a 4500
008 - FIXED-LENGTH DATA ELEMENTS--GENERAL INFORMATION
fixed length control field 250527b xxu||||| |||| 00| 0 eng d
040 ## - CATALOGING SOURCE
Original cataloging agency Cagayan State University
Description conventions RDA
082 ## - DEWEY DECIMAL CLASSIFICATION NUMBER
Classification number 791.4372
Item number I312 2020
245 ## - TITLE STATEMENT
Title I’m thinking of ending things / directed by Charlie Kaufman ; written by Charlie Kaufman and Iain Reid ; produced by Anthony Bregman, Charlie Kaufman, Robert Salermo, Stefanie Azpiazu.
260 ## - PUBLICATION, DISTRIBUTION, ETC. (IMPRINT)
Place of publication, distribution, etc United States :
Name of publisher, distributor, etc Netflix,
Date of publication, distribution, etc 2020.
300 ## - PHYSICAL DESCRIPTION
Extent 1 videofile, 134 minutes :
Other physical details sound, color.
500 ## - GENERAL NOTE
General note Based on I'm Thinking of Ending Things by Iain Reid.
520 ## - SUMMARY, ETC.
Summary, etc Full of misgivings, a young woman travels with her new boyfriend to his parents' secluded farm. Upon arriving, she comes to question everything she thought she knew about him, and herself.
521 ## - TARGET AUDIENCE NOTE
Target audience note Rated R.
546 ## - LANGUAGE NOTE
Language note English ; subtitles available in multiple languages.
650 ## - SUBJECT ADDED ENTRY--TOPICAL TERM
Topical term or geographic name as entry element Psychological drama.
650 ## - SUBJECT ADDED ENTRY--TOPICAL TERM
Topical term or geographic name as entry element Psychological thriller.
700 ## - ADDED ENTRY--PERSONAL NAME
Personal name Żal, Łukasz, cinematographer.
700 ## - ADDED ENTRY--PERSONAL NAME
Personal name Frazen, Robert, editor.
700 ## - ADDED ENTRY--PERSONAL NAME
Personal name Plemons, Jesse, star.
700 ## - ADDED ENTRY--PERSONAL NAME
Personal name Buckley, Jessie, star.
700 ## - ADDED ENTRY--PERSONAL NAME
Personal name Collette, Tony, star.
700 ## - ADDED ENTRY--PERSONAL NAME
Personal name Thewlis, David, star.
710 ## - ADDED ENTRY--CORPORATE NAME
Corporate name or jurisdiction name as entry element Likely Story.
710 ## - ADDED ENTRY--CORPORATE NAME
Corporate name or jurisdiction name as entry element Projective Testing Service.
942 ## - ADDED ENTRY ELEMENTS (KOHA)
Source of classification or shelving scheme
Item type Audio-Visual Materials
Holdings
Source of acquisition Price effective from Permanent location Date last seen Not for loan Date acquired Source of classification or shelving scheme Koha item type Collection code Shelving location Damaged status Lost status Withdrawn status Current location Full call number
Donation2025-05-27Cagayan State University - Carig Library2025-05-27 2025-05-27 Audio-Visual MaterialsElectronic Media CenterElectronic Media Center   Cagayan State University - Carig Library791.4372 I312 2020

Cagayan State University University Library, Carig Campus
Tuguegarao City, Cagayan 3500 | www.csucarig.edu.ph

Powered by Koha